01161nam a2200193Ia 4500001001000000003001000010008004100020040002500061041001300086100001600099245006700115250001100182260008700193300001200280500026200292501011400554520026200668650003700930L189-1724IT-CnALBA170116s9999||||xx |||||||||||||| ||und|| aIT-CnALBAcIT-CnALBA aITALIANO aCONTRI SIRO 0aPROBLEMA DELLA VERITÀ IN S. TOMMASO D'AQUINO. PASSI SCELTI.  a1a ed. a TO BO CT PAbSOCIETÀ ED. INTER. c1929 [1° Ed.:1929 - Ed.Ling.Originale: 1929] a252 p.  aCURATORE CONTRI SIRO. INTRODUZIONE. BRANI SCELTI DAL "DE VERITA'TE". INTERPRETAZIONE. CONOSCENZA DELLE COSE. CONOSCENZA INTELLETTIVA. GIUDIZIO. INQUADRAMENTO STORICO. ASTRAZIONE. FILOSOFIA SCOLASTICA. FILOSOFIA MODERNA. PROBLEMA DELLA VERITÀ. GRECI. S. AG aSocietà San Paolo EM - Piazza San Paolo, 14 - 12051 ALBA (CN) (non commercial uses only) ® Copyright 2017 aCURATORE CONTRI SIRO. INTRODUZIONE. BRANI SCELTI DAL "DE VERITA'TE". INTERPRETAZIONE. CONOSCENZA DELLE COSE. CONOSCENZA INTELLETTIVA. GIUDIZIO. INQUADRAMENTO STORICO. ASTRAZIONE. FILOSOFIA SCOLASTICA. FILOSOFIA MODERNA. PROBLEMA DELLA VERITÀ. GRECI. S. AG aFILOSOFIA MEDIOEVALE OCCIDENTALE